000 00445nam a2200169Ia 4500
003 GCL
008 140319s9999 xx 000 0 ara d
040 _aGCL /
_cGCL
082 0 4 _a895.1
_bم م
100 1 _aمادا
245 1 0 _aمن حكايات الحيوانات القديمة /
_cمادا
300 _a144ص
490 _a
650 0 4 _aالادب الصينى
650 0 4 _aالادب الصينى المترجم
942 _2ddc
_cBK
999 _c38261
_d38261